UEFA Champions League Finals Cities - Statistics

General Stats
  • This quiz has been taken 102 times
  • The average score is 24 of 27
Answer Stats
City Country Number of finals Seasons % Correct
London England 8 1962-1963; 1967-1968; 1970-1971; 1977-1978; 1991-1992; 2010-2011; 2012-2013; 2023-2024
100%
Paris France 6 1955-1956; 1974-1975; 1980-1981; 1999-2000; 2005-2006; 2021-2022
100%
Istanbul Turkey 2 2004-2005; 2022-2023
99%
Madrid Spain 5 1956-1957; 1968-1969; 1979-1980; 2009-2010; 2018-2019
99%
Lisbon Portugal 3 1966-1967; 2013-2014; 2019-2020
98%
Milan Italy 4 1964-1965; 1969-1970; 2000-2001; 2015-2016
98%
Munich Germany 4 1978-1979; 1992-1993; 1996-1997; 2011-2012; 2024-2025
98%
Rome Italy 4 1976-1977; 1983-1984; 1995-1996; 2008-2009
98%
Amsterdam Netherlands 2 1961-1962; 1996-1997
97%
Barcelona Spain 2 1988-1989; 1998-1999
97%
Berlin Germany 1 2014-2015
97%
Brussels Belgium 4 1957-1958; 1965-1966; 1973-1974; 1984-1985
97%
Vienna Austria 4 1963-1964; 1986-1987; 1989-1990; 1994-1995
97%
Athens Greece 3 1982-1983; 1993-1994; 2006-2007
96%
Kiev Ukraine 1 2017-2018
96%
Moscow Russia 1 2007-2008
95%
Glasgow Scotland 3 1959-1960; 1975-1976; 2001-2002
94%
Manchester England 1 2002-2003
94%
Cardiff Wales 1 2016-2017
91%
Porto Portugal 1 2020-2021
90%
Rotterdam Netherlands 2 1971-1972; 1981-1982
88%
Belgrade Serbia 1 1972-1973
86%
Bern Switzerland 1 1960-1961
86%
Seville Spain 1 1985-1986
78%
Stuttgart Germany 2 1958-1959; 1987-1988
68%
Gelsenkirchen Germany 1 2003-2004
53%
Bari Italy 1 1990-1991
50%
No matching quizzes found
Score Distribution
Percent of People with Each Score
Percentile by Number Answered
Your Score History
You have not taken this quiz